00315nam a2200121Ia 4500008004100000082001800041100003000059100001300089245003400102260001400136260002900150650001400179150909s9999 xx 000 0 und d a302.2bDIR/AG aMinistry of Agriculture  eCompiler aAgricultural Extension Review aNew Delhi bDirectorate of Extension aExtension